Дело о поднесении императорской фамилии разных периодических сочинений. Тут же о книгах, изданных Нарбутом, Устряловым, Жюльеном

Доступно только в Электронных читальных залах Найти на картеНа карте
RUSMARC
00004311nmc2a22002773x 450
0015000a0aa-3a23-4e8b-8b5c-761462b95ed3
00520250620193656.0
100##$a20241206l18401841k l0rusy0189 ca
1010#$arus
$afre
102##$aRU
105##$ay###
1222#$ad
2001#$aДело о поднесении императорской фамилии разных периодических сочинений. Тут же о книгах, изданных Нарбутом, Устряловым, Жюльеном
$j5 января 1840 г. - 17 сентября 1841 г.
215##$a70 л.
$d36,5х26 см
251##$cДело
300##$aНа русском и французском языках
300##$aОриг. заголовок дела: Дело о поднесении высочайшей императорской фамилии разных периодических сочинений. Тут же книги, изданные Нарбутом, Устряловым, С. Жюльеном. 5 января 1840 г. - 17 сентября 1841 г
300##$aНа обложке указано: "№9"
371##$aДокумент не является опубликованным и широко распространяемым
461#0$10012b5b8419-5ce4-4d16-a7a3-85720a295f1f
$12001
$aКанцелярия министра народного просвещения
$1251
$cФонд
$1852
$j735
462#0$1001562cc287-b13c-4f02-8029-f81535ba1e2e
$12001
$aКанцелярия министра народного просвещения
$1251
$cОпись
$1852
$j2
5171#$aДело о поднесении высочайшей императорской фамилии разных периодических сочинений. Тут же книги, изданные Нарбутом, Устряловым, С. Жюльеном. 5 января 1840 г. - 17 сентября 1841 г
801#0$aRU
$bРГИА
$c20241206
$gRCR
801#1$aRU
$bГлавНИВЦ
$c20241206
$2rusmarc
801#2$aRU
$bПБ им. Б.Н. Ельцина
$c20250620
$gRCR
$2rusmarc
850##$aРГИА
852##$aРГИА
$eФедеральное казенное учреждение "Российский государственный исторический архив" (РГИА)
$j154
937##$hРГИА
$d12420831
$aASBIBLIO_SCAN
035##$aRusGRCC00082931
856##$uhttp://readingroom.main.prlib.ru/item.aspx?id_node=n196817375&mode=full
Формат отображения